Nobel Lectures Literature 1901- 67 (Record no. 78602)

MARC details
000 -LEADER
fixed length control field 00409nam a2200145Ia 4500
008 - FIXED-LENGTH DATA ELEMENTS--GENERAL INFORMATION
fixed length control field 211109s9999||||xx |||||||||||||| ||und||
082 ## - DEWEY DECIMAL CLASSIFICATION NUMBER
Classification number 800.92
Item number FRE-N
100 ## - MAIN ENTRY--PERSONAL NAME
Personal name Frenz, Horst
245 #0 - TITLE STATEMENT
Title Nobel Lectures Literature 1901- 67
260 ## - PUBLICATION, DISTRIBUTION, ETC.
Name of publisher, distributor, etc. Nobel Foundation
Place of publication, distribution, etc. London
Date of publication, distribution, etc. 1978
300 ## - PHYSICAL DESCRIPTION
Extent 640p.
630 ## - SUBJECT ADDED ENTRY--UNIFORM TITLE
General subdivision reference reading room
650 ## - SUBJECT ADDED ENTRY--TOPICAL TERM
Topical term or geographic name entry element literature
942 ## - ADDED ENTRY ELEMENTS (KOHA)
Koha item type BOOK
650 ## - SUBJECT ADDED ENTRY--TOPICAL TERM
Form subdivision literature and rhetoricGeneralia
Holdings
Withdrawn status Lost status Damaged status Not for loan Home library Current library Date acquired Cost, normal purchase price Total Checkouts Full call number Barcode Shelving location Date last seen Price effective from Koha item type
        SB LIBRARY SB LIBRARY 09/11/2021 24.50   800.92 FRE-N 00063174 REFERENCE READING ROOM 09/11/2021 09/11/2021 BOOK

Powered by Koha